[Event "Arrasate Hiria op 11th"]
[Site "Arrasate"]
[Date "2011.10.14"]
[Round "1.4"]
[White "Ruiz Abad, Juan Manuel"]
[Black "Prieto Aranguren, Alain"]
[Result "0-1"]
[WhiteElo "1876"]
[BlackElo "2252"]
[PlyCount "54"]
[EventDate "2011.10.14"]
[EventType "swiss"]
[EventRounds "6"]
[EventCountry "ESP"]
[SourceTitle "EXT 2024"]
[Source "ChessBase"]
[SourceDate "2023.10.10"]
[SourceVersion "1"]
[SourceVersionDate "2023.10.10"]
[SourceQuality "1"]

1. e4 c6 2. d4 d5 3. e5 Bf5 4. Nf3 e6 5. Be2 Nd7 6. 0-0 Ne7 7. Nh4 Bg6 8. Nd2 c5 9. c3 Nc6 10. Nxg6 hxg6 11. Nf3 Be7 12. g3 g5 13. Be3 Nf8 14. dxc5 Ng6 15. Bb5 g4 16. Nd4 Ngxe5 17. b4 g5 18. Be2 Qd7 19. Nxc6 Nxc6 20. Bxg4 0-0-0 21. Qa4 f5 22. Be2 f4 23. gxf4 e5 24. f5 d4 25. b5 Qxf5 26. Qd1 Rh4 27. Bxd4 Qh3 0-1

[Event "Mondariz op 8th"]
[Site "Mondariz"]
[Date "2011.04.20"]
[Round "5"]
[White "Ruiz Abad, Juan Manuel"]
[Black "Clemente Llamero, Roberto"]
[Result "0-1"]
[WhiteElo "1895"]
[BlackElo "2114"]
[PlyCount "53"]
[EventDate "2011.04.16"]
[EventType "swiss"]
[EventRounds "8"]
[EventCountry "ESP"]
[SourceTitle "EXT 2012"]
[Source "ChessBase"]
[SourceDate "2011.11.24"]
[SourceVersion "1"]
[SourceVersionDate "2011.11.24"]
[SourceQuality "1"]

1. e4 c6 2. d4 d5 3. e5 Bf5 4. Nf3 e6 5. Be2 Nd7 6. 0-0 h6 7. Be3 Ne7 8. Nh4 Bh7 9. f4 Qb6 10. b3 Nf5 11. Nxf5 Bxf5 12. Bd3 Bxd3 13. Qxd3 g6 14. c4 Qa6 15. Qc2 dxc4 16. bxc4 Nb6 17. Nd2 0-0-0 18. Rab1 Be7 19. Rxb6 axb6 20. Rb1 Rd7 21. Ne4 Rhd8 22. Qf2 Qxc4 23. Rc1 Qd3 24. Nc3 Rxd4 25. Bxd4 Rxd4 26. h3 Bc5 27. Kh1 0-1

[Event "Gipuzkoa Province-ch"]
[Site "Azkoitia"]
[Date "2010.10.30"]
[Round "3"]
[White "Galarza Cenzano, Inigo"]
[Black "Ruiz Abad, Juan Manuel"]
[Result "1/2-1/2"]
[WhiteElo "2027"]
[BlackElo "1896"]
[PlyCount "92"]
[EventDate "2010.10.16"]
[EventType "swiss"]
[EventRounds "7"]
[EventCountry "ESP"]
[SourceTitle "EXT 2014"]
[Source "ChessBase"]
[SourceDate "2013.11.20"]
[SourceVersion "1"]
[SourceVersionDate "2013.11.20"]
[SourceQuality "1"]

1. e4 d6 2. f4 g6 3. Nc3 Bg7 4. Bc4 c5 5. Nf3 Nc6 6. d3 e6 7. 0-0 Nge7 8. Bb3 0-0 9. Qe1 Na5 10. Qf2 Nec6 11. Ne2 b5 12. c3 c4 13. dxc4 bxc4 14. Ba4 Qc7 15. Be3 Ne7 16. Ned4 Bd7 17. Bxd7 Qxd7 18. Rad1 Rfd8 19. Qh4 Nac6 20. f5 exf5 21. Bg5 fxe4 22. Bxe7 Nxe7 23. Ng5 h6 24. Nxf7 Rf8 25. Nxh6+ Bxh6 26. Qxh6 Qg4 27. h3 Qh5 28. Qxh5 gxh5 29. Ne6 Rxf1+ 30. Rxf1 Rb8 31. Rf2 Ng6 32. Ng5 d5 33. Rd2 Nf4 34. Kf2 Nd3+ 35. Ke3 Rb6 36. Kd4 Rxb2 37. Rxb2 Nxb2 38. g4 hxg4 39. hxg4 Nd1 40. Kxd5 Nxc3+ 41. Kxc4 Nxa2 42. Nxe4 a6 43. Nc5 Kg7 44. Nd3 Kg6 45. Kb3 Nc1+ 46. Nxc1 Kg5 1/2-1/2

[Event "Gipuzkoa Province-ch"]
[Site "Azkoitia"]
[Date "2010.10.23"]
[Round "2"]
[White "Ruiz Abad, Juan Manuel"]
[Black "Tejedor Txapartegi, Nabar"]
[Result "1-0"]
[WhiteElo "1896"]
[BlackElo "1995"]
[PlyCount "83"]
[EventDate "2010.10.16"]
[EventType "swiss"]
[EventRounds "7"]
[EventCountry "ESP"]
[SourceTitle "EXT 2014"]
[Source "ChessBase"]
[SourceDate "2013.11.20"]
[SourceVersion "1"]
[SourceVersionDate "2013.11.20"]
[SourceQuality "1"]

1. e4 d5 2. exd5 Nf6 3. d4 Bg4 4. Be2 Bxe2 5. Qxe2 Qxd5 6. Nf3 Nc6 7. Nc3 Qf5 8. Be3 e6 9. a3 Be7 10. 0-0 0-0 11. Rad1 Rfd8 12. Na2 Ne4 13. Rfe1 Bf6 14. Bc1 Nxd4 15. Nxd4 Bxd4 16. Rxd4 Rxd4 17. c3 Rd7 18. g4 Qxf2+ 19. Qxf2 Nxf2 20. Kxf2 a5 21. Be3 Rad8 22. Re2 Rd1 23. Nc1 a4 24. Na2 e5 25. c4 R8d6 26. Nc3 Rf6+ 27. Kg2 Rd7 28. Bf2 Rf4 29. Rxe5 f6 30. Re4 Rxe4 31. Nxe4 b6 32. c5 b5 33. c6 Re7 34. Nc3 Re6 35. Nxb5 Rxc6 36. Nc3 Rc4 37. Kf3 Kf7 38. h3 Ke6 39. Bg3 c6 40. Ke3 c5 41. Bf2 Kd6 42. Kd3 1-0

[Event "Gipuzkoa Province-ch"]
[Site "Azkoitia"]
[Date "2010.10.16"]
[Round "1"]
[White "Ruiz Abad, Juan Manuel"]
[Black "Urretabizkaia Merino, Asier"]
[Result "0-1"]
[WhiteElo "1896"]
[BlackElo "2097"]
[PlyCount "55"]
[EventDate "2010.10.16"]
[EventType "swiss"]
[EventRounds "7"]
[EventCountry "ESP"]
[SourceTitle "EXT 2014"]
[Source "ChessBase"]
[SourceDate "2013.11.20"]
[SourceVersion "1"]
[SourceVersionDate "2013.11.20"]
[SourceQuality "1"]

1. e4 c5 2. Nf3 d6 3. d4 cxd4 4. Nxd4 Nf6 5. Nc3 a6 6. Bg5 e6 7. Qe2 h6 8. Bh4 Nbd7 9. 0-0-0 b5 10. a3 Bb7 11. f4 Qb6 12. Nxe6 fxe6 13. e5 dxe5 14. fxe5 0-0-0 15. exf6 gxf6 16. Ne4 Be7 17. Rd3 Kb8 18. Rc3 Qd4 19. Bg3+ e5 20. Nd2 Nc5 21. Nb3 Qd5 22. Bf2 Nxb3+ 23. Rxb3 Rc8 24. Qd3 Qe6 25. Qh3 f5 26. Be2 Be4 27. Rc3 Qa2 28. Qe3 0-1

[Event "Euskadi-ch U16"]
[Site "Eibar"]
[Date "2010.04.10"]
[Round "6"]
[White "Sanchez Merino, Christian"]
[Black "Ruiz Abad, Juan Manuel"]
[Result "0-1"]
[WhiteElo "1534"]
[BlackElo "1719"]
[PlyCount "58"]
[EventDate "2010.04.07"]
[EventType "swiss"]
[EventRounds "6"]
[EventCountry "ESP"]
[SourceTitle "CBM 136 Extra"]
[Source "ChessBase"]
[SourceDate "2010.07.02"]
[SourceVersion "2"]
[SourceVersionDate "2010.07.15"]
[SourceQuality "1"]

1. e4 c5 2. Nf3 Nc6 3. d4 cxd4 4. Nxd4 Nf6 5. Nc3 e5 6. Ndb5 d6 7. Bg5 a6 8. Na3 b5 9. Nd5 Be7 10. Bxf6 Bxf6 11. c3 0-0 12. Nc2 Bg5 13. h4 Bh6 14. g4 Bf4 15. Nxf4 exf4 16. Nd4 Bb7 17. Nxc6 Bxc6 18. f3 Re8 19. Qc2 Qb6 20. Qf2 Qb7 21. 0-0-0 d5 22. exd5 Bxd5 23. Bg2 Bxa2 24. Rd4 Qc7 25. Rhd1 Bb3 26. R1d3 Qa5 27. Kd2 Qa2 28. Re4 Qxb2+ 29. Ke1 Qc1+ 0-1

[Event "Euskadi-ch U16"]
[Site "Eibar"]
[Date "2010.04.09"]
[Round "4"]
[White "Marchena Hurtado, Javier"]
[Black "Ruiz Abad, Juan Manuel"]
[Result "0-1"]
[WhiteElo "1827"]
[BlackElo "1719"]
[PlyCount "56"]
[EventDate "2010.04.07"]
[EventType "swiss"]
[EventRounds "6"]
[EventCountry "ESP"]
[SourceTitle "CBM 136 Extra"]
[Source "ChessBase"]
[SourceDate "2010.07.02"]
[SourceVersion "2"]
[SourceVersionDate "2010.07.15"]
[SourceQuality "1"]

1. e4 d6 2. d4 Nf6 3. Nc3 g6 4. Nf3 Bg7 5. Be2 0-0 6. 0-0 b6 7. Re1 Bb7 8. Bc4 e6 9. Bf4 Nbd7 10. Qe2 Re8 11. Rad1 d5 12. Ba6 Bxa6 13. Qxa6 dxe4 14. Nxe4 Nxe4 15. Rxe4 Nc5 16. Qe2 Nxe4 17. Qxe4 Qd5 18. Qd3 Qb7 19. Be5 f6 20. Bg3 Rad8 21. c4 e5 22. Qb3 exd4 23. Nxd4 Rxd4 24. c5+ Kh8 25. f3 Rxd1+ 26. Qxd1 Qc6 27. cxb6 cxb6 28. Bf2 f5 0-1

[Event "Mondragon Arrasate Hiria op 9th"]
[Site "Mondragon"]
[Date "2009.11.07"]
[Round "5"]
[White "Prieto Aranguren, Alain"]
[Black "Ruiz Abad, Juan Manuel"]
[Result "1-0"]
[WhiteElo "2109"]
[BlackElo "1828"]
[PlyCount "93"]
[EventDate "2009.10.09"]
[EventType "swiss"]
[EventRounds "6"]
[EventCountry "ESP"]
[SourceTitle "EXT 2010"]
[Source "ChessBase"]
[SourceDate "2010.11.25"]
[SourceVersion "1"]
[SourceVersionDate "2010.11.25"]
[SourceQuality "1"]

1. d4 Nf6 2. c4 c5 3. e3 g6 4. Nc3 Bg7 5. Nf3 0-0 6. Be2 d5 7. 0-0 Nc6 8. h3 Bf5 9. a3 Rc8 10. b3 Ne4 11. Bb2 dxc4 12. Bxc4 Na5 13. Be2 cxd4 14. Nxe4 Bxe4 15. Nxd4 Bxd4 16. exd4 Bc2 17. Qe1 Nxb3 18. Bg4 Rc7 19. Qe5 Nxa1 20. Rxa1 Bb3 21. d5 f6 22. Be6+ Kg7 23. Qg3 Ba4 24. Qh4 Bd7 25. Bc1 h5 26. Bf4 Rc2 27. Re1 Bxe6 28. dxe6 Rh8 29. Qg3 Qa5 30. Rd1 Rc3 31. Be3 Rxa3 32. Rd7 Re8 33. Rxb7 Qe1+ 34. Kh2 Ra1 35. Qd6 Qg1+ 36. Kg3 g5 37. Rxe7+ Rxe7 38. Qxe7+ Kg6 39. Qe8+ Kh6 40. Qf8+ Kg6 41. Qf7+ Kf5 42. Qd7 Rd1 43. Qc8 h4+ 44. Kf3 Rd6 45. e7+ Re6 46. Qc2+ Ke5 47. Qc5# 1-0

[Event "Mondragon Arrasate Hiria op 9th"]
[Site "Mondragon"]
[Date "2009.10.09"]
[Round "1"]
[White "Miguel Quintero, Antonio"]
[Black "Ruiz Abad, Juan Manuel"]
[Result "1/2-1/2"]
[WhiteElo "2174"]
[BlackElo "1828"]
[PlyCount "59"]
[EventDate "2009.10.09"]
[EventType "swiss"]
[EventRounds "6"]
[EventCountry "ESP"]
[SourceTitle "EXT 2010"]
[Source "ChessBase"]
[SourceDate "2010.11.25"]
[SourceVersion "1"]
[SourceVersionDate "2010.11.25"]
[SourceQuality "1"]

1. e4 c5 2. c3 d5 3. exd5 Qxd5 4. d4 Nf6 5. Nf3 Nc6 6. Be2 e6 7. 0-0 cxd4 8. cxd4 Be7 9. Nc3 Qd8 10. Be3 0-0 11. Ne5 Nd5 12. Nxd5 exd5 13. Nxc6 bxc6 14. Bd3 f5 15. Rc1 Bd7 16. g3 Rb8 17. b3 Bd6 18. Qf3 Qf6 19. Bf4 Rb4 20. Bd2 Rbb8 21. Bc3 Qh6 22. Rce1 f4 23. g4 Qh4 24. Be2 Rf6 25. h3 Bxg4 26. hxg4 Rh6 27. Qg2 f3 28. Bxf3 Bh2+ 29. Kh1 Bd6+ 30. Kg1 1/2-1/2